000 00585nam1a22002051i 4500
001 rc\4282333
005 20240724140809.0
035 _a(NLR Aleph) 008246805
090 _a8310808
_c8310808
100 _a20130416d1968 |||y0rusy50 ca
101 0 _arus
102 _aRU
105 _ay z |||||
200 1 _aБригада
_eПервая книга поэта
_e[1-7]
210 _a[Иркутск]
_cВост.-Сиб. кн. изд-во
_d1968
215 _a7 бр. в обертке
_d14
801 0 _aRU
_bNLR
_gpsbo
801 1 _aRU
_bELAR
_2rusmarc
852 _aNLR
_j69-1/202
942 _cBOOK